MDQL
is popping MORE tags! Check the
thread
!
Quizzes
Events
Quiz Creation
Community
Videos
Private Events
Remove Ads
Sign In
Join for FREE
Feedback
Dark Mode
Quiz Categories
Sports
Geography
Music
Movies
Television
Just For Fun
Miscellaneous
History
Literature
Language
Science
Gaming
Entertainment
Religion
Holiday
For Kids
Quiz Lab
Recent
Popular Today
Quiz Kudos Today
Editor Picks
Curator Picks
Quizzes by...
Day
Popularity
Type
Ratings
Length
Year
Community
Subscriptions
Recent Discussions
Orange Saloon
Badges
Playlists
Quests
Create
Leaderboards
Showdown
Live 5
Trivia Bingo
Activity
Puzzle Library
Sporcle Events
Private Events
Virtual Trivia
Globe League
Become a Host
Pub Owners
SporcleCon
Opinionation
Our Games
Videos
Blog
Mobile Apps
Partnerships
Remove Ads and Go Orange
Feedback
Music
Pop Music
The Beatles
Song
Album
Lyrics
Bands
Singers
Artist
Clip
Rock
Rap
Classical
Billboard
Country Music
Kpop
Taylor Swift
Music
Pop Music
The Beatles
Song
Album
Lyrics
Bands
Singers
Artist
Clip
Rock
Rap
Classical
Billboard
Country Music
Kpop
Taylor Swift
Random Quiz
Search Sporcle
×
Quiz Lab
Quiz Lab
Music
Billboard
Type in answers that appear in a list
Type in answers that appear in a list
Classic
Best Score? Go Orange.
Number One Hits of 2007 Stats
Can you name the number one hits of 2007?
By
RihannaFan
4m
20 Questions
49 Plays
49 Plays
49 Plays
Comments
Comments
Give Quiz Kudos
Give Quiz Kudos
-
- Ratings
hide this ad
Replay
Link that replays current quiz
Next Quiz
Link to next quiz in quiz playlist
You Got
0%
They Got
Avg Score
57%
Avg Friend Score
Upgrade to see
Score Distribution
Jump to the score distribution portion of the page
Score
0/20
Timer
04:00
0
Plays Today
Artist
Number One Hit
% Correct
Rihanna feat. Jay-
Z
Umbrella
83.7%
Plain White T's
Hey There Delilah
81.6%
Fergie
Big Girls Don't Cry
71.4%
Soulja Boy Tell 'Em
Crank That (Soulja Boy)
67.3%
Soulja Boy Tell 'Em
Crank That (Soulja Boy)
67.3%
Kanye West
Stronger
65.3%
Beyoncé
Irreplaceable
63.3%
Avril Lavigne
Girlfriend
63.3%
Alicia Keys
No One
61.2%
Sean Kingston
Beautiful Girls
59.2%
Artist
Number One Hit
% Correct
Maroon 5
Makes Me Wonder
57.1%
Maroon 5
Makes Me Wonder
57.1%
Fergie feat. Ludacris
Glamorous
55.1%
Nelly Furtado
Say It Right
51%
Mims
This Is Why I'm Hot
51%
Chris Brown feat. T-
Pain
Kiss Kiss
51%
Justin Timberlake
What Goes Around...Comes Around
40.8%
Timbaland feat. Nelly Furtado and Justin Timberlake
Give It to Me
34.7%
T-
Pain feat. Yung Joc
Buy U a Drank (Shawty Snappin')
30.6%
Akon
Don't Matter
28.6%
Quiz Playlist
Details
Report
Send in Message
Add To Playlist
Classic:
Type in answers that appear in a list
Last Updated: Feb 16, 2017
Quiz Scoreboard
CHALLENGE
Sign Up to Join the Scoreboard
Show All
Scores
Hide
Comments
May contain spoilers
Recently Published
Two Season TV Shows II
by 123Four
Television
10m
Image Sorting: Flags VI
by Barbecue
Geography
2m
Find the 'City' Movie
by crazypaving
Movies
60s
More to Explore
Quiz From the Vault
Featured Blog Post
14 Easter Pick-up Lines to Find Eggs With
hide this ad
You Might Also Like...
Tags
Billboard Quiz
chart
Chart Topping
Today's Top Quizzes in Music
Browse Music
hide this ad
Today's Top Quizzes in Billboard
Browse Billboard
Top Contributed Quizzes in Music
1
5X2 Blitz: Bands II
2
5X2 Blitz: The Beatles
3
Taylor Swift All Songs (2024)
4
5X2 Blitz: Billboard
5
5X2 Blitz: Billboard II
6
5X2 Blitz: Album
7
5X2 Blitz: Singers
8
5X2 Blitz: Rock
9
Music Artist by Three 2010s hits
10
5X2 Blitz: Lyrics
Explore More
Trending Topics
Kpop
NBA
Anime
Crossword
Disney
Harry Potter
Marvel
The Office
Puzzle
WWE
Song
Pokémon
Country
Soccer
NFL
hide this ad
More By:
RihannaFan
Quiz
Plays
Rating
Category
Featured
Created
Drake Number One Rap Singles
834
4.00
Music
Dec 5, 2011
Rihanna Lead Singles
477
4.50
Music
Nov 7, 2011
Languages That Use the Arabic Script
380
3.60
Language
Nov 7, 2011
Young Money Number One Rap Singles
204
4.00
Music
Dec 5, 2011
Number One Hits of 2012
160
4.00
Music
Jan 23, 2012
Go to Creator's Profile
Score Distribution
Quiz Creator Spotlight
RihannaFan
Follow
Send a Message
Quizzes Created
-
Created Quiz Play Count
-
More By This Creator
Popular Quizzes Today
1
Find the US States - No Outlines Minefield
2
Colored Red Africa Blitz
3
Find the 'City' Movie
4
5x2 Blitz: Bands
5
The Countries of the World
6
Find the Countries of Europe - No Outlines Minefield
7
Find the US States
8
US States
More Music Quizzes
Fill in the Rhyme: Taylor Swift
Published
Trending Quizzes
Colored Red Europe Blitz I
Colored Red Africa Blitz II
Colored Red Europe Blitz II
Colored Red Africa Blitz III
Colored Red Europe Blitz III
Recently Updated
How Do You Spell That?
pecheneg
Godzilla Movies
pecheneg
Grab Bag: 4-10 Letters
pecheneg
2024 March Madness Bracket
pecheneg
Famous TV Couples
Peacemaker
Champions League XIs: Real Madrid
pecheneg
Largest US Cities 1790-2010
pecheneg
Rides in Walt Disney World
pecheneg
Most Oscar Losses (Acting)
pecheneg
Beyoncé Albums
pecheneg
Trending Topics
Harry Potter
Disney
Kpop
Crossword
NBA
Marvel
Anime
WWE
Pokémon
Puzzle
NFL
Soccer
The Office
Song
Country
Your Account Isn't Verified!
In order to create a playlist on Sporcle, you need to verify the email address you used during registration. Go to your
Sporcle Settings
to finish the process.
Report this User
Report this user for behavior that violates our
Community Guidelines
.
Details:
Send Report
Go to the Sporcle.com Mobile Site →
Comments